| 000 | 02468nam0a2200433 i 4500 | ||
|---|---|---|---|
| 001 | RU\NLR\BIBL_A\010713926 | ||
| 005 | 20241213005614.0 | ||
| 010 |
_a978-5-91608-110-7 _9500 |
||
| 021 |
_aRU _b2015-8837 _9550 |
||
| 035 | _a(NILC)RuMoRGB-007868595 | ||
| 035 | _a(NLR Aleph) 010713926 | ||
| 090 |
_a9787564 _c9787564 |
||
| 100 | _a20150403d2013 k y0rusy50 ca | ||
| 101 | 0 |
_abak _arus |
|
| 102 | _aRU | ||
| 105 | _ay|||e|||000yy | ||
| 200 | 1 |
_aБашкирско-русский словарь терминов ткачества и рукоделия _dБашкортса-урыçса тукыусылык һәм кул әштәре терминдары һүзлеге _eлексика материальной и духовной культуры _e[около 2700 терминов] _fР.Н. Каримова _gРос. акад. наук, уфим. науч. центр, Ин-т истории, яз. и лит. _zbak |
|
| 210 |
_aУфа _c[б. и.] _d2013 |
||
| 215 |
_a121 с. _d20 |
||
| 300 | _aАвт. также на башк. яз.: Р.Н. Кәримова | ||
| 510 | 1 |
_6z33790 _aБашкортса-урыçса тукыусылык һәм кул әштәре терминдары һүзлеге _zbak |
|
| 606 | 1 |
_aБашкирский язык _xТерминология ткачества _xСловари _xРусский язык _92234645 _3RU\NLR\AUTH\6601573190 |
|
| 606 | 1 |
_aБашкирский язык _xТерминология рукоделия _xСловари _xРусский язык _92234643 _3RU\NLR\AUTH\6601573189 |
|
| 606 | 1 |
_aРукоделие _jТерминологические словари _91538148 _3RU\NLR\AUTH\66971683 |
|
| 606 | 1 |
_aТкацкое производство _jТерминологические словари _91096471 _3RU\NLR\AUTH\66111635 |
|
| 686 | 1 | _aМ48я212.2 | |
| 686 | 1 | _aМ304я212.2 | |
| 686 | 1 | _aШ163.22-434.1 | |
| 686 | 1 | _aШ141.12-434.2 | |
| 700 | 1 |
_aКаримова _bР. Н. _gРамиля Нигматьяновна _9144260 _3RU\NLR\AUTH\770144296 |
|
| 790 | 1 |
_7ca _8bak _aКәримова _bР. Н. _gРәмилә Ниғәмәтйән кызы _9144265 _3RU\NLR\AUTH\770144301 |
|
| 801 | 0 |
_aRU _bРГБ _c20150216 _gRCR |
|
| 801 | 1 |
_aRU _bРГБ _c20150216 _2rusmarc |
|
| 852 |
_aNLR _bОНЛ _jБашк./2-4973 |
||
| 942 | _cBOOK | ||
| 980 | _aNBR | ||